Responses for Show #6344 - Thursday, March 29, 2012

Contestants

[<< previous game]

Richie Rodriguez, a mechanical engineer from Hayward, California

Jay Ben Markson, an actor originally from Lakeville, Massachusetts

Beau Henson, a test prep teacher and actor originally from Mt. Carmel, Illinois (whose 2-day cash winnings total $28,002)

[next game >>]

Jeopardy! Round responses

THE MARQUIS DE SADE
FACTS & FIGURES
PLACES TO EAT
RUNNING ON "N.T."
THE FIRST EPISODE
WHERE ON EARTH...?
    $200 26
(Jay Ben: What is the French and Indian or the Seven Years' War?)

The Seven Years' War

Jay BenRichie
    $200 21
Twitter

Beau
    $200 12
a cafeteria

Beau
    $200 11
The New Testament

Richie
    $200 1
The Beverly Hillbillies

Richie
    $200 2
Vatican City

Beau
    $400 27
The Bastille

Jay Ben
    $400 23
the Pentagon

Jay Ben
    $400 17
a truck stop

Richie
    $400 13
next time

Jay Ben
    $400 3
24

Richie
    $400 7
Ireland

Jay Ben
    $600 28
Geoffrey Rush

Richie
    $600 22
13

Beau
    $600 18
a greasy spoon

Beau
    $600 14
(Beau: What is Northwest Territory?)
(Richie: What is Northern Territories?)

Northwest Territories

BeauRichie
Triple Stumper
    $600 4
Game of Thrones

Beau
    $2,200 8
Sudan

Jay Ben
    $800 29
Bedroom

Beau
    $800 24
Stanford

Beau
    $800 19
Diners

Beau
    $800 15
number two

Richie
    $800 5
(Beau: What is The Lucy Show?)

I Love Lucy

BeauJay Ben
    $800 9
Bolivia

Jay Ben
    $1000 30
(Richie: What is Gomorrah?)

Sodom

Jay BenRichie
    $1000 25
whooping cough

Jay Ben
    $1000 20
the food court

Richie
    $1000 16
night terrors

Richie
    $1000 6
Baywatch

Jay Ben
    $1000 10
Madagascar

Jay Ben

Scores at the first commercial break (after clue 15):

Beau Jay Ben Richie
-$400 $6,600 $1,000

Scores at the end of the Jeopardy! Round:

Beau Jay Ben Richie
$3,400 $9,200 $3,200

Double Jeopardy! Round responses

THE MARQUEE DE SAD
THEY CAME FROM OHIO
CULTURE CLUB
14-, 15- & 16-LETTER WORDS
PHILOSOPHICAL METAPHORS
LOOKING TO THE FUTURE
    $400 7
Terms of Endearment

Richie
    $400 23
Ted Turner

Beau
    $400 1
the Met (Metropolitan Museum of Art)

Beau
    $400 2
insubordination

Richie
    $400 17
a cave

Jay Ben
    $400 18
drones

Beau
    $800 8
Beaches

Richie
    $800 24
(William Tecumseh) Sherman

Jay Ben
    $800 14
Endor

Triple Stumper
    $800 3
slaughterhouse

Richie
    $800 12
a ladder

Beau
    $800 19
seeds

Richie
    $1200 9
Million Dollar Baby

Jay Ben
    $4,000 25
(Jay Ben: Who is Rachel Carson?)

Toni Morrison

Jay Ben
    $1200 30
the dragon

Beau
    $1200 4
extravehicular

Richie
    $1200 13
tabula rasa

Richie
    $1200 20
Islam

Beau
    $1600 10
Cold Mountain

Jay Ben
    $1600 26
Neil Armstrong

Richie
    $1600 29
Johann Strauss Jr.

Triple Stumper
    $1600 5
(Jay Ben: What is premonition?)

prognostication

Jay Ben
Triple Stumper
    $5,000 15
(Richie: What is behemoth?)

leviathan

Richie
    $1600 21
cryonics

Triple Stumper
    $2000 11
Old Yeller

Beau
    $2000 27
Maya Lin

Triple Stumper
    $2000 28
Eugene O'Neill

Jay Ben
    $2000 6
tintinnabulation

Beau
    $2000 16
the abyss

Jay Ben
    $2000 22
The Singularity

Beau

Scores at the end of the Double Jeopardy! Round:

Beau Jay Ben Richie
$13,800 $11,600 $5,400

[wagering suggestions for these scores]

Final Jeopardy! Round responses

SPACE EXPLORATION
RichieWhat is Neptune?
$5,400
Jay BenWhat is Mercury?
$11,600
BeauWhat is Mercury?
$9,401
Mercury

Final scores:

Beau Jay Ben Richie
$23,201 $23,200 $0
3-day champion: $51,203 2nd place: $2,000 3rd place: $1,000

Game dynamics:

Coryat scores:

Beau Jay Ben Richie
$13,800 $14,000 $10,400
18 R,
2 W
17 R
(including 1 DD),
3 W
(including 1 DD)
17 R,
3 W
(including 1 DD)

Combined Coryat: $38,200

[game clues] [game scores] [suggest correction]

Game tape date: 2011-12-07
The J! Archive is created by fans, for fans. Scraping, republication, monetization, and malicious use prohibited; this site may use cookies and collect identifying information. See terms. The Jeopardy! game show and all elements thereof, including but not limited to copyright and trademark thereto, are the property of Jeopardy Productions, Inc. and are protected under law. This website is not affiliated with, sponsored by, or operated by Jeopardy Productions, Inc. Join the discussion at JBoard.tv.